000
00327nam a22001457a 4500
020
_a
81-8423-259-4
082
_a
894.812.1
_b
MIN/A
100
_a
MINI NAIR
245
_a
AASAN ULLUR VALLATHOL
_b
KUTTIKAVITHAKAL
260
_a
THRISSUR
_b
GREEN BOOKS
_c
2013
300
_a
127
520
_a
POETRY
650
_a
POETRY
942
_c
BK
999
_c
4254
_d
4254